Marriott International Brands - Statistics

General Stats
  • This quiz has been taken 73 times
  • The average score is 15 of 35
Answer Stats
Answer % Correct
Sheraton
81%
The Ritz-Carlton
74%
Courtyard
71%
Residence Inn
66%
JW Marriott
64%
St. Regis
64%
Westin
64%
SpringHill Suites
59%
TownePlace Suites
59%
Marriott Hotels
57%
Four Points
53%
Fairfield Inn & Suites
52%
W Hotels
52%
AC Hotels
50%
EDITION
48%
The Luxury Collection
48%
Autograph Collection
47%
Renaissance Hotels
43%
Design Hotels
41%
Moxy Hotels
41%
City Express
38%
Gaylord Hotels
38%
Aloft Hotels
36%
Element Hotels
34%
Le Méridien
31%
Protea​ Hotels
31%
Delta Hotels by Marriott
29%
The Marriott Vacation Clubs
28%
Tribute Portfolio Hotels
28%
Marriott Executive Apartments
22%
Ritz-Carlton Reserve
12%
Homes & Villas by Marriott Bonvoy
7%
Four Points Express by Sheraton
5%
Apartments by Marriott Bonvoy
2%
MGM Collection with Marriott Bonvoy
2%
No matching quizzes found
Score Distribution
Percent of People with Each Score
Percentile by Number Answered
Your Score History
You have not taken this quiz